000 00353 a2200145 4500
001 63588
040 _cAnchieta - Pituba
100 _aORGE, Rozana Cunha Pires
240 1 0 _a2ª Avaliação de Redação, III Unidade
_lpor
245 1 0 _a2ª Avaliação de Redação, III Unidade
300 _a3
362 0 _a2017
650 4 _aLinguagem
942 _cBK
999 _c63588
_d63588